000 00625nam a22002057a 4500
999 _c15668
_d15668
003 AR-CdUCM
008 190429b ||||| |||| 00| 0 spa d
040 _aMUNICIPALIDAD PROVINCIAL DEL CUSCO
_cBIBLIOTECA MUNICIPAL DEL CUSCO
082 _a869.56 /
_bO99 / 1977
100 _aO´hara, Edgar
_925085
245 _aAve destino :
_bcampamento (1973-1974) /
260 _aLima :
_c1977.
300 _a6 páginas ;
_c21 cm.
505 _aContenido: Poesía peruana.
650 _aPoesía peruana
_9806
650 _aPoemas
_9929
650 _aCampamento de poesía
_934811
942 _2ddc
_cLIBROS
945 _adavv
_d29/04/2019